000 01024cam a22002774a 4500
001 13281320
003 ARRUPE
005 20131023162840.0
008 030721r20032000miu b 000 0 eng
010 _a 2003060076
020 _a080282496X (pbk. : alk. paper)
040 _aDLC
_cDLC
_dDLC
042 _apcc
050 0 0 _aBT440
_b.W65 2003
082 0 0 _a232.96/2
_222
100 1 _aWilliams, Rowan,
_d1950-
_92827
245 1 0 _aChrist on trial :
_bhow the Gospel unsettles our judgment /
_cRowan Williams.
260 _aGrand Rapids, Mich. :
_bEerdmans Pub. Co. ;
_aToronto, Ont. :
_bABC Pub.,
_c2003.
300 _axvi, 141 p. ;
_c21 cm.
500 _aOriginally published: HarperCollinsReligious in Great Britain, 2000.
504 _aIncludes bibliographical references.
600 0 0 _aJesus Christ
_xTrial.
_92828
906 _a7
_bcbc
_corignew
_d1
_eocip
_f20
_gy-gencatlg
942 _2lcc
_cMONOGRAPH
999 _c118422
_d118422